000 00643nam a22002177a 4500
003 OSt
005 20251206025337.0
008 251206b |||||||| |||| 00| 0 eng d
020 _a1883013399
040 _aDWC-Main lib
_cOC
082 _aGR. 909.82 K67t 1998
100 _aKnauer, Kelly
245 _aTime 1923 - 1998, 75 years :
_b an anniversary celebration/
_cKelly Knauer
260 _aN.Y :
_bTime Books,
_c c1998.
300 _a 169 pages :
_billustrations ;
_c28cm.
504 _aIncludes index.
650 _a1. History, Modern.
650 _a2. Magazine covers.
650 _a3. United States.
942 _2ddc
_cGR
_kGR.
_n0
999 _c6983
_d6983